Quizzes
Events
Quiz Creation
Community
Videos
Private Events
Remove Ads
Sign In
Join for FREE
Feedback
Dark Mode
Quiz Categories
Sports
Geography
Music
Movies
Television
Just For Fun
Miscellaneous
History
Literature
Language
Science
Gaming
Entertainment
Religion
Holiday
For Kids
Quiz Lab
Recent
Popular Today
Quiz Kudos Today
Editor Picks
Curator Picks
Quizzes by...
Day
Popularity
Type
Ratings
Length
Year
Community
Subscriptions
Recent Discussions
Orange Saloon
Badges
Playlists
Quests
Create
Leaderboards
Showdown
Live 5
Trivia Bingo
Activity
Puzzle Library
Sporcle Events
Private Events
Virtual Trivia
Globe League
Become a Host
Pub Owners
SporcleCon
Opinionation
Our Games
Videos
Blog
Mobile Apps
Partnerships
Remove Ads and Go Orange
Feedback
Science
Computer
Plants
Astronomy
Chemistry
Elements
Math
Animal
Physics
Anatomy
Biology
Geology
General Science
Science
Computer
Plants
Astronomy
Chemistry
Elements
Math
Animal
Physics
Anatomy
Biology
Geology
General Science
Random Quiz
Search Sporcle
×
Quiz Lab
Quiz Lab
Science
SP
Type in answers that appear in a list
Type in answers that appear in a list
Classic
Best Score? Go Orange.
Emile Durkheim Sociologi Stats
Emile Durkheim Sociologi?
By
asbjorn123
20m
19 Questions
42 Plays
42 Plays
42 Plays
Comments
Comments
Give Quiz Kudos
Give Quiz Kudos
-
- Ratings
hide this ad
Forced Order
Answers have to be entered in order
Answers have to be entered in order
Random Order
Randomize order of answers
Randomize order of answers
Replay
Link that replays current quiz
Next Quiz
Link to next quiz in quiz playlist
You Got
0%
They Got
Avg Score
57%
Avg Friend Score
Upgrade to see
Score Distribution
Jump to the score distribution portion of the page
Score
0/19
Timer
20:00
0
Plays Today
Spørgsmål
.
% Correct
Hvad er _
_
_
_
Ifølge Durkheim?
anomi
81%
Hvad er _
_
_
_
Ifølge Durkheim?
mekanisk solidaritet
76.2%
Hvad er _
_
_
_
Ifølge Durkheim?
Holisme
71.4%
Hvad er _
_
_
_
Ifølge Durkheim?
Organisk solidaritet
71.4%
Hvad er _
_
_
_
Ifølge Durkheim?
den kollektive bevidsthed
66.7%
Hvad er _
_
_
_
Ifølge Durkheim?
en funktion
61.9%
Hvad er reaktionen på _
_
_
_
Ifølge Durkheim?
normløshed
59.5%
Hvilke faktorer kobles til ”_
_
_
_
”?
selvmord
54.8%
Hvad er _
_
_
_
ifølge Durkheim?
social tvang
54.8%
Hvad er _
_
_
_
?
materielle sociale fakta
52.4%
Spørgsmål
.
% Correct
Hvad er _
_
_
_
?
nonmaterielle sociale fakta
52.4%
Hvilke _
_
_
_
arbejder Durkheim med?
4 typer selvmord
52.4%
Hvad er forudsætningen for _
_
_
_
ifølge Durkheim?
frihed
50%
Hvad er samfundets centrale _
_
_
_
?
patologi
50%
Hvad er _
_
_
_
hos Durkheim?
det sociale miljø
50%
Hvad er _
_
_
_
Ifølge Durkheim?
socialintegration
47.6%
Hvad er _
_
_
_
?
den dynamiske densitet
47.6%
Hvordan skabes _
_
_
_
på moderne betingelser ifølge Durkheim?
integration
45.2%
Hvad er _
_
_
_
ifølge Durkheim?
sociale forhold
45.2%
Quiz Playlist
Details
Report
Send in Message
Add To Playlist
Classic:
Type in answers that appear in a list
Forced Order:
Answers have to be entered in order
Random Order:
Randomize order of answers
Last Updated: Feb 16, 2017
Quiz Scoreboard
CHALLENGE
Sign Up to Join the Scoreboard
Show All
Scores
Hide
Comments
May contain spoilers
Recently Published
1-10 Letter E Words III
by El_Dandy
Language
2m
One Thing in Common: World Cities II
by knightlancer
Geography
7m
Popular People in 1961
by mucciniale
History
6m
More to Explore
Quiz From the Vault
Featured Blog Post
Where Did the Easter Bunny Come From?
hide this ad
You Might Also Like...
Tags
karl
Marx
RGSM
SP
Svar
Today's Top Quizzes in Science
Browse Science
hide this ad
Top Contributed Quizzes in Science
1
One Thing in Common: Science
2
One Thing in Common: Science III
3
Quick Pick: Radians
4
Sporcle Puzzle Hunt: Science
5
Quick Pick: 'CI-CJ' Animals
6
One Thing in Common: Science II
7
Square Numbers Scrambled (1-50)
8
Elements In Images
9
Click the Parts of an Plant Cell
10
Glycolysis
Explore More
Trending Topics
Anime
Disney
Harry Potter
Crossword
Marvel
Kpop
NBA
Soccer
NFL
Country
Puzzle
WWE
The Office
Song
Pokémon
hide this ad
More By:
asbjorn123
Quiz
Plays
Rating
Category
Featured
Created
Landsholdet
89
Sports
Jun 9, 2015
Emile Durkheim Sociologi
42
Science
Jun 14, 2015
Pierre Bourdieu Sociologi
32
Science
Jun 15, 2015
Karl Marx Sociologi
28
Science
Jun 14, 2015
Max Weber Sociologi
20
Science
Jun 15, 2015
Go to Creator's Profile
Score Distribution
Quiz Creator Spotlight
asbjorn123
Follow
Send a Message
Quizzes Created
-
Created Quiz Play Count
-
More By This Creator
Popular Quizzes Today
1
Find the US States - No Outlines Minefield
2
Find the Countries of Europe - No Outlines Minefield
3
The Countries of the World
4
Popular People in 1961
5
1-10 Letter E Words III
6
Find the US States
7
One Thing in Common: World Cities II
8
US States
More Science Quizzes
Sunday Crossword: Space Shuttles
Curator's Pick
Trending Quizzes
Risky Map Clicking: Least Populous States A-Z
1-10 Letter F Words
1-10 Letter G Words
One Thing in Common: United Kingdom
Risky Map Clicking: Next State Alphabetically
Recently Updated
Leaping Animals
pecheneg
Reality TV Shows (A-Z)
bhenderson79
Rickey Henderson's Hall of Fame Teammates
pecheneg
Champions League XIs: Arsenal
pecheneg
Quick Pick: Celebrities in WWE's Hall of Fame
aduchscher
A-Z Keypad Blitz II
pecheneg
Multiple Oscar Actors
pecheneg
Mystery Phrase Blitz: Oscar 'Best Actors'
pecheneg
F. Scott Fitzgerald Novels
LTH
Pick 3 Villains
ddd62291
Trending Topics
Marvel
Crossword
NBA
Anime
Harry Potter
Kpop
Disney
Soccer
Puzzle
Song
The Office
WWE
Pokémon
Country
NFL
Your Account Isn't Verified!
In order to create a playlist on Sporcle, you need to verify the email address you used during registration. Go to your
Sporcle Settings
to finish the process.
Report this User
Report this user for behavior that violates our
Community Guidelines
.
Details:
Send Report
Go to the Sporcle.com Mobile Site →
Comments